00789nam a2200205Ia 4500003000900000008004100009040001600050080002400066100002400090245018200114260003900296300002300335650003100358650002400389700002400413700002700437942000700464999001300471952009900484IN-BaIIA211028s9999 xx 000 0 eng d cIIA Library a523.947:520.86bDUT aJulius, W. H.91410 0aPreliminary report of the Dutch expedition to Karang Sago (Sumatra) for the Observation of the total solar eclipse of may 1901cW. H. Julius, T. H. Wilterdink and A. A. Nijland aAmsterdambEclipse Committeec1902 a[various pagings.] aExpeditions-Eclipses91411 aSolar Eclipse91412 aNijland, A. A91413 aWilterdink, T. H91414 cBK c652d652 00104070aBANbBANcGENd0000-00-00l0o523.947:520.86/ DUTp674r2021-11-05w0000-00-00yBK